Текст томруулах:    
Early Mongol Rule in Thirteenth-Century Iran (Бичлэгийн дугаар. 144451)
000 -УДИРДЛАГА
Удирдлага 02150nam a2200445 4500
003 - ХЯНАЛТЫН ТОО ТОДОРХОЙЛОГЧ
Код MN-UlNUM
005 - БИЧИЛТ ХИЙСЭН ОГНОО
Тухайн бичилтийг бичсэн засварласан сүүлийн огноо 20251021144919.0
008 - ЕРӨНХИЙ МЭДЭЭЛЭЛ
Ерөнхий мэдээлэл 251007s2003 enkab||b |||| 001 | eng d
020 ## - ISBN
ISBN 9780415297509
040 ## - БИЧЛЭГ ҮҮСГЭГЧ БАЙГУУЛЛАГА
Бичлэг үүсгэгч номын сангийн код МУИС-ийн номын сан
084 ## - ББК АНГИЛАЛ
Нэмэлт тусгалт Нэг сэдэвт бүтээл
Мэдлэгийн ялгаа 63 - Түүх
ББК ангилал 63.3(5Irn+1)
Зохиогчийн гурван тэмдэгт L 22
100 1# - ЗОХИОГЧ
Зохиогчийн нэр Lane, George
Зохиогчийн огноо 1952-
245 10 - ҮНДСЭН ГАРЧИГ
Номын нэр Early Mongol Rule in Thirteenth-Century Iran
Бага гарчгийн мэдээ A Persian renaissance
260 ## - ГАРАЛТЫН МЭДЭЭ
Хэвлэгдсэн газар London
Хэвлэлийн газар RoutledgeCurzon
Хэвлэгдсэн он 2003
300 ## - МАТЕРИАЛЫН ТОДОРХОЙЛОЛТ
хуудасны тоо 330
500 ## - Тайлбар
Дансны дугаар ГФ 20902
505 ## - Агуулгын тэмдэглэгээ
Агуулгын тэмдэглэгээ This book explores how Mongol rule in Iran during the 13th century—particularly under the Ilkhanate dynasty—was not only destructive, but also led to a surprising cultural and political revival, which the author calls a “Persian renaissance.” After the initial brutal conquests, especially the fall of Baghdad in 1258, the Mongols began to settle and govern. They adopted many Persian administrative and cultural traditions. Persian scholars, poets, and scientists continued to thrive under Mongol patronage. The book focuses on key regions like Shiraz, Kirman, and Herat, and on influential figures like Juwayni, Nasir al-Din Tusi, and various poets and Sufi mystics. Lane argues that Persian identity and culture adapted and even flourished under Mongol rule.
In short, the book challenges the idea that Mongol rule in Iran was purely destructive and instead shows how it helped reshape and revive Persian society in new ways.
546 ## - ХЭЛНИЙ ТУХАЙ МЭДЭЭ
Хэл Англи хэл дээр,
653 ## - Түлхүүр үг
Түлхүүр үг history
653 ## - Түлхүүр үг
Түлхүүр үг history of Iran
653 ## - Түлхүүр үг
Түлхүүр үг history of Mongolia
653 ## - Түлхүүр үг
Түлхүүр үг civilization
740 ## - НОМЫН ГАРЧИГ
Гарчиг The sources
740 ## - НОМЫН ГАРЧИГ
Гарчиг Divine punishment or God's secret intent?
740 ## - НОМЫН ГАРЧИГ
Гарчиг Baghdad and its aftermath
740 ## - НОМЫН ГАРЧИГ
Гарчиг The uneasy borders
740 ## - НОМЫН ГАРЧИГ
Гарчиг Abaqa Khan and the west
740 ## - НОМЫН ГАРЧИГ
Гарчиг Berke Khan and the north
740 ## - НОМЫН ГАРЧИГ
Гарчиг Baraq Khan and the east
740 ## - НОМЫН ГАРЧИГ
Гарчиг The provinces
740 ## - НОМЫН ГАРЧИГ
Гарчиг Kerman
740 ## - НОМЫН ГАРЧИГ
Гарчиг Shiraz
740 ## - НОМЫН ГАРЧИГ
Гарчиг Herat
740 ## - НОМЫН ГАРЧИГ
Гарчиг The Juwaynis
740 ## - НОМЫН ГАРЧИГ
Гарчиг Khwaja Nasir al-Din Tūsi
740 ## - НОМЫН ГАРЧИГ
Гарчиг Poets, Sufis and Qalandars
740 ## - НОМЫН ГАРЧИГ
Гарчиг Return of a king
942 ## - ЭЛЕМЕНТИЙН ТӨРӨЛ
Зүйлийн төрөл Ном